000 01193cam a22002655a 4500
001 L138015
002 11549
008 070511s2006 xxk f 001 0 eng d
020 _a1841408344
035 _a(Sirsi) u138015
041 0 _aeng
050 0 4 _a336.22 $2 18
100 1 _aHutton, Matthew
245 0 0 _aBritish tax guide
_bHutton and McKie on Stamp Duty Land Tax 2006 - 2007
250 _a3rd ed.
260 _aKingston-upon-Thames
_bCCH
_c2006
300 _axxviii, 389p.
_c24cm.
350 _a82.95
520 _aProvides guidance to the principles of the tax, with reference to examples, and highlights particular planning opportunities and traps that can occur in everyday situations. This edition includes: changes introduced by the Finance Act 2006, especially on partnerships, leases, sub-trust transactions and unit trust schemes; chargeable considerations; coverage of HMRC's stamp taxes publications; and a discussion of various points of practice and HMRC's stamp taxes interpretations.
650 2 4 _aSTAMP DUTY LAND TAX
651 4 _aEngland and Wales
_y1543-
690 _aPROPERTY-PROPERTY TAXATION-STAMP DUTY LAND TAX
700 1 _aMckie, Sharon
942 _n0
999 _c106972
_d106972